| 000 | 00800nab a2200253 u 4500 | ||
|---|---|---|---|
| 001 | 20434 | ||
| 003 | HDC | ||
| 007 | cr bn ---aaaaa | ||
| 008 | 210305c mydr|nes 0 a eng d | ||
| 040 | _aHDC | ||
| 245 | 0 | _aMatrade bantu 5 syarikat di Sabah tembusi pasaran global | |
| 260 |
_aMalaysia : _bBERITA HARIAN , _c2014 |
||
| 300 | _a2 pages | ||
| 336 |
_atext _2rdacontent |
||
| 337 |
_acomputer _2rdamedia |
||
| 338 |
_aonline resource _2rdacarrier |
||
| 650 |
_aentrepreneur _91863 |
||
| 650 |
_atrade industry _96708 |
||
| 710 | _aBERITA HARIAN | ||
| 856 | _zRequest full-text at [email protected] | ||
| 942 | _2lcc | ||
| 942 | _cNEWS | ||
| 942 | _kNWSC 010278 | ||
| 999 |
_c17750 _d17750 |
||